000 00942nam a22003017a 4500
001 9217
003 FISKH
005 20251203082705.0
008 251203b cb ||||| |||| 00| 0 eng d
020 _a0690138059
040 _aFISKH
_beng
_cFISKH
_dFISKH
050 _aPZ7.L9561 B
082 _a813.52
100 _aLovelace, Maud Hart
_eAuthor
245 _aBetsy-Tacy /
_cMaud Hart Lovelace ; Illustrated by Lois Lenski
260 _aNew York :
_bThomas Y. Cowell Company ,
_c1940
300 _a112 pages :
_billustrations ;
_c20 cm
490 _aBetsy-Tacy :
_v01
505 _aP
520 _aAfter Tacy Kelly moves into the house across the street from Betsy Ray, the five-year-olds become inseparable friends.
521 8 _a650
_bLexile
521 8 _aP
_bRaz-Plus
650 _aChapter book
_vChildhood
650 _aFriendship
_vGirls
700 _aLenski, Lois
_eIllustrator
942 _2ddc
_cBK
_n0
999 _c9217
_d9217